Fußball: Bundesliga-Trainer aus den 90ern nach Bildern - Statistiken

Allgemein
  • Dieses Quiz wurde 201 mal gespielt
  • Das Durchschnittsergebnis liegt bei 11 aus 16
Antwortstatistiken
Bildquiz Hint Antwort % Korrekt
Dortmund, Bayern Ottmar Hitzfeld
95%
VfB Stuttgart Joachim Löw
92%
Bremen, Bayern, Kaiserslautern Otto Rehhagel
91%
Uerdingen, Duisburg Friedhelm Funkel
85%
Frankfurt, Bochum Klaus Toppmöller
78%
Duisburg, Rostock, Köln Ewald Lienen
73%
1860 München Werner Lorant
73%
Freiburg Volker Finke
72%
Karlsruhe, VfB Stuttgart Winfried Schäfer
64%
Bayern, Leverkusen Erich Ribbeck
60%
Rostock, Hamburg Frank Pagelsdorf
55%
VfB Stuttgart, Hertha BSC Jürgen Röber
55%
Frankfurt, Köln, Schalke Jörg Berger
54%
Kaiserslautern, Gladbach, Nürnberg Friedel Rausch
41%
Gladbach Bernd Krauss
39%
Schalke, Düsseldorf Aleksandar Ristić
38%
Keine übereinstimmenden Quizze gefunden
Verteilung der Resultate
Anzahl Personen mit jedem Resultat
Perzentil nach korrekt beantworteten Fragen
Ihre Resultats-Entwicklung
Sie haben dieses Quiz noch nicht gespielt